000 00816nam a22002537a 4500
003 dpl
005 20180806142153.0
008 180806b xxu||||| |||| 00| 0 eng d
010 _aB-120490
020 _c450.00
_a97881879121
035 _aB-120490, B-120494
037 _bCen Lib/Ret
040 _aDPL
_bEN
_c0
082 _a327
_bEND
100 _aEndow, Aparajita
_98003
245 _aFrance, Germany and the European Union :
_cby Aparajita Endow
_bmaastricht and after /
260 _aDelhi
_bAakar Books
_c2003
270 _a28-E, Pocket-IV, Mayur Phase-I
_bDelhi
_e110091
300 _axv,237p.
_c22cm(Hb)
500 _aIncludes bibliographical references and index
650 _aEuropean Union countries
_97817
650 _aDiplomatic relations
_98004
942 _2ddc
_cEN
_h327
_mEND
999 _c123779
_d123779